1011 1675 1804 1087 1997 1395 1130 1674 1793 1763 1567 1401 1092 1130 1127 1421 1568 1284 1677 1448 1515 1256 1078 1684 1587 1510 1175 1237 1469 1390 1522 1736 1909 1462 1392 1257 1753 1553 1444 1702 1684 1184 1124 1127 1789 1189 1329 1400 1946 1822 1772 1245 1593 1354 1034 1067 1269 1578 1672 1987 1222 1771 1101 1788 1032 1386 1690 1327 1429 1320 1739 1183 1639 1401 1465 1771 1563 1238 1712 1713 1637 1547 1730 1609 1556 1624 1317 1302 1568 1265 1090 1721 1577 1319 1986 1032 1130 1949 1454 BCNSPRNW ULIB Ver.6.0+V

เปลี่ยนเป็นภาษาไทย

Change to English
 แสดงรายละเอียดบรรณานุกรม
  กลับหน้าหลัก

Brief Record : Get Marc (ISO 2709) : E-mail record : QR code < ปิดหน้าต่าง
LEADER : 00000nam 2200000uu 4500
001    13399111885
003     ULIB
008    110627s2542||||th 000 0 tha d
020    97478657
060  4 W84.6^bพ798ก 2542
100 0  เพ็ญศรี เปลี่ยนขำ
245 00 การสาธารณสุขมูลฐาน/^cเพ็ญศรี เปลี่ยนขำ
260    กรุงเทพฯ :^bจุฬาลงกรณ์มหาวิทยาลัย,^c2542
300    361 หน้า
650  7 การดำเนินงานสาธารณสุขมูลฐาน
650  7 การนิเทศงานสาธารณสุขมูลฐาน
650  7 การนิเทศงานสาธารณสุขมูลฐานเขตเมือง
650  7 การประกันสุขภาพ
650  7 การพัฒนาคุณภาพชีวิต
650  7 การวินิจฉัยชุมชน
650  7 การส่งเสริมสุขภาพผู้สูงอายุในงานสาธารณสุขมูลฐาน
650  7 การสาธารณสุขในเขตเมือง
650  7 การสาธารณสุขมูลฐานกับการพัฒนาคุณภาพชีวิต
945    ^p0^l0^i014049
945    ^p0^l0^i014050
945    ^p0^l0^i014051
995    ทศพร
999 ^a ใช้งานได้ทุกระบบ
รายการนี้ยังไม่มีแท็ก
คุณยังไม่ได้ล็อกอิน คุณสามารถมีกิจกรรมร่วมกับเว็บไซต์ได้ แต่ต้องล็อกอินก่อน ::
  ล็อกอิน

รายการสื่อสารสนเทศ

ลำดับที่ ประเภท เลขเรียก/บาร์โค้ด สถานที่ สถานะ
- ไม่พบข้อมูล -

รายการใกล้เคียง
    หัวเรื่อง [การพัฒนาคุณภาพชีวิต]

BibComment


ยังไม่เคยถูกคอมเมนท์

คอมเมนท์ทรัพยากรรายการนี้
  คอมเมนท์: การสาธารณสุขมูลฐา..


 Copyright 2026. Bcnsprnw @Library